000 00651nam a22002057a 4500
003 OSt
005 20260312063827.0
008 250717b |||||||| |||| 00| 0 eng d
020 _a971-8816-28-3.
040 _aDWCL-Main lib
_cOC
082 _aFil. 268 C28 1997
245 _aCatechism for Filipino Catholics/
250 _aNew ed.
260 _aManila :
_bECCCE/Word & Life Publications,
_cc1997.
300 _axxx, 705 p. ;
_c24 cm.
650 _a1. Catechisms, English.
650 _a2. Catholic Bishop's Conference of the Philippines (CBCP).
650 _a3. Catholic church--Catechisms--English.
942 _2ddc
_cBK - FIL
_eNew ed.
_kFil.
_n0
999 _c3741
_d3741